The Dart Programming Language /

Dart is a class-based, object-oriented language that simplifies the development of structured modern apps, scales from small scripts to large applications, and can be compiled to JavaScript for use in any modern browser. In this rigorous but readable introductory text, Dart specification lead Gilad...

Full description

Bibliographic Details
Main Author: Bracha, Gilad (Author)
Corporate Author: Safari, an O'Reilly Media Company
Format: eBook
Language:English
Published: Addison-Wesley Professional, 2015.
Edition:1st edition.
Subjects:
Online Access:Connect to this electronic resource

MARC

Tag First Indicator Second Indicator Subfields
LEADER 00000uam a2200000 a 4500
001 in00004233113
005 20260123230854.7
006 m o d
007 cr cn
008 071215s2015 xx o eng
020 |z 9780133429961 
020 |z 0321927702 
020 |z 9780321927705 
020 |z 0133429962 
035 |a (CaSebORM)9780133429961 
040 |d UtOrBLW 
041 0 |a eng 
100 1 |a Bracha, Gilad,  |e author.  |0 http://id.loc.gov/authorities/names/no2014105395 
245 1 4 |a The Dart Programming Language /  |c Bracha, Gilad. 
250 |a 1st edition. 
264 1 |b Addison-Wesley Professional,  |c 2015. 
300 |a 1 online resource (224 pages) 
336 |a text  |b txt  |2 rdacontent 
337 |a computer  |b c  |2 rdamedia 
338 |a online resource  |b cr  |2 rdacarrier 
347 |a text file 
520 |a Dart is a class-based, object-oriented language that simplifies the development of structured modern apps, scales from small scripts to large applications, and can be compiled to JavaScript for use in any modern browser. In this rigorous but readable introductory text, Dart specification lead Gilad Bracha fully explains both the language and the ideas that have shaped it. The Dart Programming Language offers an authoritative description of Dart for programmers, computer science students, and other well-qualified professionals. The text illuminates key programming constructs with significant examples, focusing on principles of the language, such as optional typing and pure object-orientation. Bracha thoroughly explains reflection in Dart, showing how it is evolving into a form that programmers can easily apply without creating excessively large programs. He also shares valuable insights into Dart's actor-style model for concurrency and asynchronous programming. Throughout, he covers both language semantics and the rationale for key features, helping you understand not just what Dart does, but why it works the way it does. You will learn about Dart's object model, in which everything is an object, even numbers and Boolean values How Dart programs are organized into modular libraries How Dart functions are structured, stored in variables, passed as parameters, and returned as results Dart's innovative approach to optional typing How Dart handles expressions and statements How to use Dart's implementation of reflection to introspect on libraries, classes, functions, and objects Isolates and other Dart features that support concurrency and distribution Register your product at informit.com/register for convenient access to downloads, updates, and corrections as they become available. 
533 |a Electronic reproduction.  |b Boston, MA :  |c Safari,  |n Available via World Wide Web.  |d 2016. 
538 |a Mode of access: World Wide Web. 
542 |f Copyright © 2016 Pearson Education, Inc.  |g 2016 
588 |a Online resource; Title from title page (viewed December 10, 2015) 
500 |a Electronic resource. 
655 7 |a Electronic books.  |2 local 
710 2 |a Safari, an O'Reilly Media Company. 
856 4 0 |u https://proxy.library.tamu.edu/login?url=https://go.oreilly.com/TAMU/library/view/-/9780133429961/?ar  |z Connect to this electronic resource  |t 0 
999 f f |s e73d7f34-7eb9-365c-bf21-24cf48b8f2f4  |i 66c024b7-ed6e-3fd6-9dd6-d2d3d295cbe2  |t 0 
952 f f |a Texas A&M University  |b College Station  |c Electronic Resources  |s www_evans  |d Available Online  |t 0  |h No information provided 
998 f f |t 0  |l Available Online